|
|
|
|
| LEADER |
00000nab a2200000 a 4500 |
| 001 |
vtls010653977 |
| 003 |
SK-MaSNL |
| 005 |
20260305044606.0 |
| 008 |
150212 2014 xo 100 b cze |
| 015 |
|
|
|a SNBRA 2012/09
|2 svkbbbg
|
| 038 |
|
|
|a SVKBBBG
|
| 040 |
|
|
|a SVKBBBG
|b slo
|c SVKBBBG
|e AACR2
|
| 041 |
0 |
|
|a cze
|
| 044 |
|
|
|a xo
|c SK
|
| 072 |
|
7 |
|a 364
|x Sociálne problémy vyžadujúce podporu a pomoc. Sociálne zabezpečenie
|2 konspekt
|
| 072 |
|
7 |
|a 316.3
|x Globálne spoločnosti. Sociálna štruktúra. Sociálne skupiny
|2 konspekt
|
| 072 |
|
7 |
|a 371
|x Školstvo (organizácia)
|2 konspekt
|
| 080 |
|
|
|a 364.636
|2 2001
|
| 080 |
|
|
|a 316.346.32-053.2
|2 2001
|
| 080 |
|
|
|a 373/378
|2 2001
|
| 080 |
|
|
|a (437.1/.3)
|2 2001
|
| 100 |
1 |
|
|a Junová, Iva,
|d 1975-
|4 aut
|9 229330
|
| 245 |
1 |
0 |
|a Proměny dětské šikany v českých školách
|c Iva Junová, Jakub Holeček
|
| 300 |
|
|
|b Tab.
|
| 504 |
|
|
|a Bibliogr. odkazy
|
| 650 |
0 |
7 |
|a šikanovanie
|2 SNKPH
|9 14958
|
| 650 |
0 |
7 |
|a deti
|2 SNKPH
|9 773
|
| 650 |
0 |
7 |
|a školy
|2 SNKPH
|9 1276
|
| 651 |
|
7 |
|a Česko
|2 SNKPHgeo
|9 16753
|
| 700 |
1 |
|
|a Holeček, Jakub
|4 aut
|9 1627960
|
| 773 |
0 |
|
|t Socialia 2014. Aktuálne problémy prevencie sociálnopatologických javov a jej profesionalizácie : zborník príspevkov z medzinárodnej vedeckej konferencie ...
|d Banská Bystrica : Belianum, 2014
|g S.198-201
|z 9788055708089
|
| 852 |
|
|
|a SVKBB
|b KIS3GCP
|
| 958 |
|
|
|a NB
|
| 999 |
|
|
|c 3359539
|d 3361469
|